| 000 | 00978nam a22002777a 4500 | ||
|---|---|---|---|
| 001 | 4248 | ||
| 003 | FISKH | ||
| 005 | 20251125162001.0 | ||
| 008 | 240710b cb ||||| |||| 00| 0 eng d | ||
| 020 | _a9781407109459 | ||
| 040 |
_aFISKH _beng _cFISKH _dFISKH |
||
| 050 | _aPZ7 | ||
| 082 | _a567.9 | ||
| 100 | _aOliver, Martin | ||
| 245 |
_aTotally dead dinosaurs / _cMartin Oliver ; Illustrated by Daniel Postgate |
||
| 260 |
_aLondon : _bScholastic, _c2000. |
||
| 300 |
_a138 pages : _billustrations ; _c20 cm |
||
| 505 | _aR | ||
| 520 | _aThis guide gives you much more than just the bare bones. You'll discover the most amazing animals that ever existed, and read about some of the mysteries that palaeontologists are trying to solve. | ||
| 521 | 8 |
_a700
_bLexile estimate |
|
| 521 | 8 |
_aR
_bRaz-Plus |
|
| 650 |
_aDinosaurs _vHistory _xScience _yDead Dinosaurs |
||
| 700 |
_aPostgate, Daniel _eillustrator |
||
| 942 |
_2ddc _cBK _n0 |
||
| 999 |
_c4248 _d4248 |
||